Statistics for Hayao Miyazaki Films

Click here to take the quiz!

General Stats

  • This quiz has been taken 59 times
    (47 since last reset)
  • The average score is 8 of 12

Answer Stats

#YearFilm% Correct
82001Spirited Away
93%
102008Ponyo
87%
92004Howl's Moving Castle
83%
71997Princess Mononoke
80%
31986Castle in the Sky
73%
122023The Boy and the Heron
70%
51989Kiki's Delivery Service
63%
61992Porco Rosso
63%
112013The Wind Rises
63%
41988My Neighbour Totoro
57%
21984Nausicaa of the Valley of the Wind
50%
11979Lupin the Third, Castle of Cagliostro
43%

Score Distribution

Percentile by Number Answered

Percent of People with Each Score

Your Score History

You have not taken this quiz since the last reset